Upon this rock , St.Peter and the early church (Record no. 8469)
[ view plain ]
| 000 -LEADER | |
|---|---|
| fixed length control field | 00519nam a2200217Ia 4500 |
| 003 - CONTROL NUMBER IDENTIFIER | |
| control field | 0100 |
| 008 - FIXED-LENGTH DATA ELEMENTS--GENERAL INFORMATION | |
| fixed length control field | 130303s9999 xx 000 0 und d |
| 020 ## - INTERNATIONAL STANDARD BOOK NUMBER | |
| International Standard Book Number | 898707234 |
| 040 ## - CATALOGING SOURCE | |
| Transcribing agency | ARRUPELIB |
| 050 ## - LIBRARY OF CONGRESS CALL NUMBER | |
| Classification number | BX1805.R381999 |
| 300 ## - PHYSICAL DESCRIPTION | |
| Other physical details | 23cm |
| 100 ## - MAIN ENTRY--PERSONAL NAME | |
| Personal name | Ray, Stephen K |
| 245 ## - TITLE STATEMENT | |
| Title | Upon this rock , St.Peter and the early church |
| 260 ## - PUBLICATION, DISTRIBUTION, ETC. (IMPRINT) | |
| Place of publication, distribution, etc | San Francisco |
| 260 ## - PUBLICATION, DISTRIBUTION, ETC. (IMPRINT) | |
| Name of publisher, distributor, etc | Ignatius press |
| 260 ## - PUBLICATION, DISTRIBUTION, ETC. (IMPRINT) | |
| -- | 1999 |
| 300 ## - PHYSICAL DESCRIPTION | |
| Extent | 331p. |
| 440 ## - SERIES STATEMENT/ADDED ENTRY--TITLE | |
| Title | Modern apologetics library |
| 700 ## - ADDED ENTRY--PERSONAL NAME | |
| Personal name | Stephen K. Ray |
| 942 00 - ADDED ENTRY ELEMENTS (KOHA) | |
| Koha issues (borrowed), all copies | 2 |
| Withdrawn status | Lost status | Source of classification or shelving scheme | Damaged status | Not for loan | Collection code | Home library | Current library | Shelving location | Date acquired | Total Checkouts | Full call number | Barcode | Date last seen | Date checked out | Copy number | Price effective from | Koha item type |
|---|---|---|---|---|---|---|---|---|---|---|---|---|---|---|---|---|---|
| Library of Congress Classification | Main Collection | ARRUPE LIBRARY | ARRUPE LIBRARY | Main Collection | 04/03/2013 | 2 | BX1805.R381999 | 46500023049 | 22/11/2017 | 16/04/2014 | 1 | 04/03/2013 | Monograph ( Printed materials) |